Statistiques concernant Pays d'Europe par préfixe de plaque d'immatriculation

Cliquez ici pour prendre le quiz!

Statistiques générales

  • Ce quiz a été pris 85 fois
  • Le résultat moyen est 25 sur 45

Réponses sur la Carte

Les réponses sont colorées sur une échelle allant du rouge au vert en fonction du pourcentage des utilisateurs qui les ont devinées à leur premier essai. Vous pouvez retrouver ces pourcentages ci-dessous.
Chargement ...
 

Statistiques - réponses

PaysPréfixe% Correct
AlbanieAL
97%
BelgiqueB
97%
EspagneE
97%
AutricheA
96%
FranceF
96%
AllemagneD
94%
ItalieI
92%
HongrieH
90%
LuxembourgL
90%
GrèceGR
86%
IslandeIS
83%
PortugalP
82%
DanemarkDK
80%
MalteM
80%
NorvègeN
79%
SuèdeS
77%
Royaume-UniUK
75%
RoumanieRO
73%
PolognePL
69%
BulgarieBG
61%
KosovoRKS
58%
SuisseCH
55%
FinlandeFIN
55%
Pays-BasNL
54%
IrlandeIRL
52%
LituanieLT
49%
MonacoMC
49%
AndorreAND
44%
République TchèqueCZ
44%
EstonieEST
44%
SlovénieSLO
44%
RussieRUS
42%
MoldavieMD
41%
SlovakieSK
38%
CroatieHR
37%
LettonieLV
31%
SerbieSRB
24%
Macédoine du NordNMK
18%
UkraineUA
14%
Bosnie-HerzégovineBIH
11%
BiélorussieBY
4%
VaticanCV
3%
MonténégroMNE
3%
LiechtensteinFL
1%
Saint-MarinRSM
1%

Distribution des résultats

Percentile par nombre de réponses

% des personnes avec chaque résultat

Votre développement - résultats

Vous n’avez pas pris ce quiz